000 00720nam a22002177a 4500
008 140609b xxu||||| |||| 00| 0 eng d
020 _a0300033648
041 0 _aeng
080 _a355
100 _aBrams, Steven J.
245 1 0 _aSuperpower games :
_cSteven J. Brams.
260 _aNew Haven :
_bYale University Press,
_c1985.
300 _a176 f.:
_b21 cm.
500 _aPreface : f. XI-XIV
500 _aBibliography: f. 159-169
505 _aIndex: f. 171-176
650 0 _aPolitika ushtarake
_xModelet matematike
650 0 _aMarrëdhëniet ndërkombëtare
_xModelet matematikore
650 0 _aSHBA
_xMarrëdhëniet ushtarake
_zBashkimi Sovjetik
942 _2ddc
_cBK
999 _c488
_d488